Every Faith Evans Song on the Billboard Hot 100 - Statistics

General Stats
  • This quiz has been taken 14 times
    13 since last reset
  • The average score is 8 of 19
Answer Stats
# Year Song % Correct
21 1996 Soon As I Get Home
92%
1 1997 I'll Be Missing You (Diddy) ft. 112
83%
7 1998 Love Like This
75%
24 1995 You Used To Love Me
67%
9 1999 All Night Long ft. Diddy
58%
67 1996 Ain't Nobody/Kissing You
50%
31 2005 Hope (Twista)
50%
14 2002 I Love You
50%
38 2001 You Gets No Love
50%
47 2005 Again
42%
60 2002 Burnin' Up ft. Missy Elliott
42%
56 2001 Can't Believe ft. Carl Thomas
42%
17 1999 Never Gonna Let You Go
42%
2 1999 Heartbreak Hotel (Whitney Houston) ft. Kelly Price
33%
86 2002 I Miss You (DMX)
17%
55 1999 Georgy Porgy (Eric Benet)
8%
70 1998 How's It Goin' Down (DMX)
8%
34 2000 Love Is Blind (Eve)
8%
86 2003 Ma, I Don't Love Her (Clipse)
8%
No matching quizzes found
Score Distribution
Percent of People with Each Score
Percentile by Number Answered
Your Score History
You have not taken this quiz since the last reset